[Event "COL-ch U26"]
[Site "Medellin"]
[Date "2018.10.19"]
[Round "4"]
[White "Obregon Meza, Carlos Arturo"]
[Black "Medina Ocampo, Andres Felipe"]
[Result "1/2-1/2"]
[WhiteElo "1600"]
[BlackElo "1952"]
[PlyCount "70"]
[EventDate "2018.10.18"]
[EventType "swiss"]
[EventRounds "6"]
[EventCountry "COL"]
[SourceTitle "CBM 187 Extra"]
[Source "ChessBase"]
[SourceDate "2018.11.04"]
[SourceVersion "1"]
[SourceVersionDate "2018.11.04"]
[SourceQuality "1"]

1. c4 Nf6 2. Nc3 c5 3. g3 g6 4. Bg2 Bg7 5. Nf3 0-0 6. 0-0 Nc6 7. d4 cxd4 8. Nxd4 Nxd4 9. Qxd4 a6 10. Qd3 Rb8 11. Bf4 d6 12. Rad1 Qc7 13. b3 Bd7 14. Bg5 Bc6 15. Bxf6 Bxf6 16. Nd5 Bxd5 17. Bxd5 Qa5 18. Rd2 Rfc8 19. Rc2 Rc7 20. Rfc1 Rbc8 21. h4 Qb6 22. h5 Kg7 23. hxg6 hxg6 24. Kg2 Rh8 25. Qf3 Rc5 26. Rh1 Rxh1 27. Kxh1 e6 28. Be4 Rh5+ 29. Kg1 Qd4 30. Rc1 Qd2 31. Rf1 d5 32. cxd5 exd5 33. Qd3 Qxd3 34. Bxd3 d4 35. Rc1 Re5 1/2-1/2